Guess the BEATLES Song - Statistics

General Stats
  • This quiz has been taken 110 times
  • The average score is 16 of 20
Answer Stats
Hint Answer % Correct
"I wake up to the sound of music, Mother Mary comes to me" Let It Be
98%
"Suddenly / I'm not half the man I used to be / There's a shadow hanging over me" Yesterday
94%
"Waits at the window / Wearing the face that she keeps in a jar by the door / Who is it for?" Eleanor Rigby
89%
"He bag production, he got walrus gumboot / He got Ono sideboard, he one spinal cracker" Come Together
86%
"C'mon c'mon, c'mon, c'mon, baby, now (Come on, baby) / Come on and work it on out (Work it on out)" Twist and Shout
86%
"Flew in from Miami Beach BOAC / Didn't get to bed last night / On the way, the paper bag was on my knee" Back in the USSR
83%
"I say high, you say low / You say why and I say I don't know, oh no" Hello, Goodbye
83%
"I am he as you are he as you are me and we are all together / See how they run like pigs from a gun, see how they fly" I Am the Walrus
81%
"And when I touch you / I feel happy inside / It's such a feeling that, my love / I can't hide" I Want to Hold Your Hand
81%
"Lend me your ears and I'll sing you a song / And I'll try not to sing out of key" With a Little Help from My Friends
81%
"But when I get home to you / I find the things that you do / Will make me feel alright" A Hard Day's Night
79%
"I don't want to leave her now / You know I believe and how" Something
79%
"Nothing you can make that can't be made / No one you can save that can't be saved" All You Need Is Love
77%
"She asked me to stay and she told me to sit anywhere / So I looked around and I noticed there wasn't a chair" Norwegian Wood (This Bird Has Flown)
72%
"And these memories lose their meaning / When I think of love as something new" In My Life
70%
"Friday night arrives without a suitcase / Sunday morning creeping like a nun / Monday's child has learned to tie his bootlace / See how they run" Lady Madonna
67%
"Pools of sorrow, waves of joy are drifting through my opened mind / Possessing and caressing me" Across the Universe
66%
"I don't know why nobody told you / How to unfold your love / I don't know how someone controlled you / They bought and sold you" While My Guitar Gently Weeps
66%
"I don't know why she's riding so high / She ought to think twice, she ought to do right by me" Ticket to Ride
64%
"I'm in love for the first time / Don't you know it's gonna last / It's a love that lasts forever" Don't Let Me Down
55%
No matching quizzes found
Score Distribution
Percent of People with Each Score
Percentile by Number Answered
Your Score History
You have not taken this quiz